000
00349nam a2200121Ia 4500
008
180130s9999||||xx |||||||||||||| ||und||
020
_c
NT220
_a
978-986-320-770-2
100
_a
施振榮
245
0
_c
施振榮
_a
新時代‧心王道:創造價值.利益平衡.永續經營
250
_a
第一版
260
_c
2015.08
_a
台北市
300
_c
cm.
_a
p.
942
_2
ccl
_c
BOOK
999
_c
810
_d
810